Analýza 8. Smernice Európskej únie o audite individuálnej a konsolidovanej účtovnej závierky

Analýza pôvodnej 8. smernice Európskej únie a novej smernice Rady Európskej únie o audite individuálnej a konsolidovanej účtovnej závierky. Ich hlavné rozdiely a vplyv novej smernice o audite účtovnej závierky na profesiu audítorov na Slovensku.

Salvato in:
Dettagli Bibliografici
Autore principale: Gogová, Monika
Natura: Capitolo di libro
Lingua:slovacco
Soggetti:
Tags: Aggiungi Tag
Nessun Tag, puoi essere il primo ad aggiungerne!!

MARC

LEADER 00000naa$a2200000$$$4500
001 0058179
005 20240502071643.5
041 0 |a slo 
044 |a SK 
245 1 0 |a Analýza 8. Smernice Európskej únie o audite individuálnej a konsolidovanej účtovnej závierky  |c Monika Gogová 
520 |a Analýza pôvodnej 8. smernice Európskej únie a novej smernice Rady Európskej únie o audite individuálnej a konsolidovanej účtovnej závierky. Ich hlavné rozdiely a vplyv novej smernice o audite účtovnej závierky na profesiu audítorov na Slovensku. 
610 2 0 |a závierka účtovná konsolidovaná 
610 2 0 |a smernice 
610 2 0 |a Európska únia 
610 2 0 |a harmonizácia 
610 2 0 |a audítori 
610 2 0 |a Slovensko 
610 2 0 |a legislatíva 
610 2 0 |a pravidlá účtovné 
100 1 |a Gogová, Monika